000 00627nam a22002177a 4500
003 BUBTL
008 171126b xxu||||| |||| 00| 0 eng d
020 _a9780198077039
082 _a657.48/ Sh136f/ 2013
100 _91562
_aShah, Paresh
245 _aFinancial Accounting for Management :
_c Paresh Shah
250 _a2nd
260 _aNew Delhi
_bOxford University Press
_c2c013
300 _a[xvii], 561p . :
_bill. Table ; 29cm .
500 _aIncludes Index .
650 0 _95
_aAccounting
700 _91563
_aShah, Paresh
856 _k0
_l0
_yDownload
942 _2ddc
_cBK
999 _c5568
_d5568